Quiz Cultura Generale - Quiz n°53 - Statistics

Statistiche generali
  • Questo quiz è stato fatto 216 volte
  • Il punteggio medio è 8 su 15
Statistiche sulle risposte
Domanda Risposta % Corretto
Come si traduce il termine inglese "friend"? Amico
100%
A quanto corrispondono 3 dozzine di uova? 36 uova
97%
Secondo la Bibbia, quanti sono i comandamenti che Dio consegnò a Mosè? 10
94%
Dove si trova il muscolo Quadricipite? Coscia
75%
In quale stato degli Stati Uniti si trova la città di New York? New York
70%
Qual è la seconda persona singolare del congiuntivo imperfetto del verbo "dire"? Tu dicessi
57%
A quanto equival eil numero romano MCMLXXVI? 1976
52%
A quale classe appartengono le Balenottere azzurre? Mammiferi
48%
Chi ha scritto il "De vulgari eloquentia"? Dante Alighieri
47%
Chi ha scritto "Il sentiero dei nidi di ragno"? Italo Calvino
47%
Chi ha condotto Zelig insieme a Claudio Bisio dal 2004 al 2010 e dal 2021 ad oggi? Vanessa Incontrada
45%
Quale poesia ha come incipit: "La nebbia a gl’irti colli piovigginando sale"? San Martino
34%
Qual è la Santa Patrona dei Vigili del Fuoco? Santa Barbara
34%
Quale sistema di fortificazioni circondava Berlino Ovest durante le Guerra fredda? Muro di Berlino
31%
Chi ha vinto il Torneo singolare femminile di Wimbledon 2022? Elena Rybakina
3%
Nessun quiz corrispondente trovato
Distribuzione punteggi
Percentuale di utenti per punteggio
Percentile per numero di risposta
I tuoi punteggi nel tempo
Non hai fatto questo quiz